| 000 | 01857nam a2200361 i 4500 | ||
|---|---|---|---|
| 001 | 000027865 | ||
| 003 | DO-SdBNP | ||
| 005 | 20251008115637.0 | ||
| 008 | 110405s2005 dr ac 001 0dspa d | ||
| 040 |
_aDO-SdBNP _bspa _cBNPHU _erda |
||
| 041 | _aspa | ||
| 082 | 4 |
_a709.7293 _bB588n 2005 _222 |
|
| 111 | 2 |
_aBienal Nacional de Artes Visuales _n(23ª _d2005 : _cSanto Domingo, República Dominicana) _954937 |
|
| 245 | 1 | 0 | _aBienal Nacional. |
| 264 |
_aSanto Domingo : _bMuseo de Arte Moderno, _c2005. |
||
| 300 |
_a257 páginas : _bilustraciones, retratos ; _c23 cm. |
||
| 336 |
_atexto _btxt _2rdacontent |
||
| 337 |
_asin mediación _bn _2rdamedia |
||
| 338 |
_avolumen _bn _2rdacarrier |
||
| 500 | _aIncluye síntesis biográfica de los autores premiados. | ||
| 505 | 0 |
_gPresentación / _rJosé Rafael Lantigua -- _tIntroducción / _rMaria Elena Ditrén -- _tApuntes sobre una Bienal / _rJosé Manuel Noceda Fernández -- _tBienal Nacional de Santo Domingo / _rKevin Power -- _tBienal Nacional, significado y alcance / _rMarianne de Tolentino -- _tHistoria de la Bienal / _rLaura Gil -- _tCréditos 23 Bienal Nacional de Artes Visuales -- _tCerámica -- _tDibujo -- _tEscultura -- _tFotografía -- _tInstalación -- _tObra gráfica -- _tPintura -- _tVideo -- _tCurrriculums -- _tÍndice de artistas. |
|
| 590 | _aInventariado, 2018/LP | ||
| 650 | 4 |
_aArte dominicano _ySIGLO XX _923012 |
|
| 650 | 4 |
_aArte moderno _ySIGLO XX _954938 |
|
| 650 | 4 |
_aPintura dominicana _xPremios _923013 |
|
| 650 | 4 |
_aEscultura dominicana _xPremios _954939 |
|
| 650 | 4 |
_aCerámica dominicana _xPremios _954940 |
|
| 710 | 2 |
_aMuseo de Arte Moderno (República Dominicana) _954941 |
|
| 710 | 1 |
_a República Dominicana. _b Secretaría de Estado de Cultura _96453 |
|
| 710 | 2 |
_aGrupo León Jimenes (República Dominicana) _927171 |
|
| 910 | _aValidado. Control de calidad EMS | ||
| 942 |
_2ddc _cLBS1 |
||
| 999 |
_c27357 _d27357 |
||